00436nam a2200193Ia 4500008004000000041000800040082001200048100001700060245004200077260004900119440000800168650001200176650000800188650000900196650001300205650000700218650000800225650000900233210210b1927 xxu||||| |||| 00| 0 eng d aeng a590/279 aSEDGWICK (A) aStudents text book of zoology Vol III aLondonbGeorge Allen and Unwin Limitedc1927 aIII azoology aVol atext aStudents aof aIII abook